| 000 | 004670000a22001810004500 | ||
|---|---|---|---|
| 020 | _a0-8307-0294-6 | ||
| 041 | 0 | _aENG | |
| 082 | 0 | 4 | _aG 254.5 G362g |
| 100 | 1 | _aGerber, Vergil | |
| 245 | 1 | 0 | _aGod's way to keep a church going & growing / Vergil Gerber |
| 260 | _aGlendale, CA., USA : Regal | ||
| 300 | _a94 Pag | ||
| 001 | 12018 | ||
| 942 | _cBK | ||
| 999 |
_c41059 _d41059 |
||
| 336 |
_atexto _btxt _2rdacontent |
||
| 337 |
_2rdamedia _asin mediación _bn |
||
| 338 |
_2rdacarrier _avolumen _bnc |
||